000 00900nam a2200241 a 4500
001 BRCA_2177
005 20190320203713.0
008 010719s2000 sp-a---##b---#000-0#spa-#
020 _a8480032014
040 _aDLC
_cDLC
050 4 _aHE859
_b.G28 2000
245 1 0 _aEl Galeón de Manila.
260 _aMadrid
_bAldeasa, Ministerio de Educación, Cultura y Deporte
_c2000
300 _a278 p.
_bil. (algunas a color), mapas
_c28 cm.
500 _aCatálogo de la exposición realizada en el Museo Franz Mayer (Ciudad de México), 2001
504 _aBibliografía : p. 277-278
650 1 4 _aMarina mercante
_vExposiciones
_zEspaña
_96568
650 1 4 _aGaleones
_vExposiciones
_xHistoria
_96569
651 4 _aFilipinas
_vExposiciones
_xComercio
_zMéxico
_96570
651 4 _aMéxico
_vExposiciones
_xComercio
_zFilipinas
_96571
710 2 _aMuseo Franz Mayer (Ciudad de México)
_92266
942 _2lcc
_cB
999 _c1933
_d1933